[Event "23rd EUR-ch"]
[Site "Vrnjacka Banja SRB"]
[Date "2023.03.05"]
[Round "3.223"]
[White "Valitov, Ilshat"]
[Black "Demir, Baran"]
[Result "0-1"]
[WhiteElo "1854"]
[BlackElo "2122"]
[EventDate "2023.03.03"]
[PlyCount "64"]

1.Nf3 d5 2.g3 Nd7 3.Bg2 e5 4.d3 Ngf6 5.O-O Bc5 6.Nbd2 e4 7.dxe4 dxe4 8.Ng5
e3 9.Nde4 exf2+ 10.Kh1 Bb6 11.Nxf6+ Qxf6 12.Ne4 Qe5 13.Nxf2 Nf6 14.c3 O-O 
15.Nd3 Qh5 16.Nf4 Qc5 17.Nd3 Qe7 18.Bg5 Bg4 19.Bxf6 gxf6 20.Bf3 Bh3 21.Re1
Rad8 22.Qa4 Bf5 23.Nf4 c6 24.e4 Bc8 25.Red1 Qc5 26.Qc2 Rxd1+ 27.Rxd1 f5 
28.exf5 Bxf5 29.Be4 Bg4 30.Rf1 f5 31.Ne6 Qc4 32.Rxf5 Rxf5 0-1

[Event "23rd EUR-ch"]
[Site "Vrnjacka Banja SRB"]
[Date "2023.03.05"]
[Round "3.224"]
[White "Giacomini, Hector"]
[Black "Nikolovski, David"]
[Result "1-0"]
[WhiteElo "2121"]
[BlackElo "1860"]
[EventDate "2023.03.03"]
[PlyCount "73"]

1.Nf3 d5 2.e3 Nf6 3.c4 e6 4.Nc3 Bd6 5.d4 b6 6.b3 Bb7 7.Bb2 O-O 8.Bd3 a6 9.
O-O Nbd7 10.Qc2 dxc4 11.bxc4 Bxf3 12.gxf3 e5 13.Ne2 Re8 14.Ng3 g6 15.Rfd1 
Qe7 16.Be2 h5 17.dxe5 Nxe5 18.f4 Neg4 19.Bxg4 Nxg4 20.Qc3 f6 21.h3 Bb4 22.
Qb3 Nxe3 23.fxe3 Qxe3+ 24.Qxe3 Rxe3 25.Kf2 Rae8 26.Bxf6 Bc3 27.Bxc3 Rxc3 
28.Rac1 Ree3 29.Rxc3 Rxc3 30.Rd8+ Kf7 31.Rd7+ Ke6 32.Rxc7 Rc2+ 33.Ne2 Rxa2
34.Rc6+ Kf5 35.Rxb6 Rc2 36.Ke3 Rxc4 37.Ng3# 1-0

[Event "23rd EUR-ch"]
[Site "Vrnjacka Banja SRB"]
[Date "2023.03.05"]
[Round "3.225"]
[White "Bozic, Sasa"]
[Black "Gkavardinas, Antonios"]
[Result "0-1"]
[WhiteElo "1839"]
[BlackElo "2121"]
[EventDate "2023.03.03"]
[PlyCount "84"]

1.e4 c6 2.d4 d5 3.exd5 cxd5 4.Bd3 Nc6 5.c3 Nf6 6.Bf4 Bg4 7.Qb3 e5 8.Be3 
exd4 9.cxd4 Qd7 10.Nc3 Bd6 11.Nge2 O-O 12.O-O Rfe8 13.Rfe1 Rab8 14.a3 a6 
15.Qc2 h6 16.Qd2 Bf5 17.Bxf5 Qxf5 18.Bf4 Bxf4 19.Nxf4 Na5 20.Ncxd5 Nb3 21.
Qd3 Qxd3 22.Nxf6+ gxf6 23.Nxd3 Nxa1 24.Rxa1 Rbd8 25.Nc5 Rxd4 26.Nxb7 Rb8 
27.Nc5 Rxb2 28.Nxa6 Ra2 29.Rc1 Rxa3 30.Nb8 Ra8 31.Nc6 Rc4 32.Ne7+ Kf8 33.
Re1 Re4 34.Rd1 Kxe7 35.g3 Rd8 36.Ra1 Rd2 37.Ra7+ Kf8 38.Ra5 Kg7 39.Rf5 Kg6
40.Rf3 Re5 41.Rf4 Rf5 42.Rg4+ Kh7 0-1

[Event "23rd EUR-ch"]
[Site "Vrnjacka Banja SRB"]
[Date "2023.03.05"]
[Round "3.226"]
[White "Todev, Simeon"]
[Black "Mitrovic, Stefan"]
[Result "1-0"]
[WhiteElo "2119"]
[BlackElo "1859"]
[EventDate "2023.03.03"]
[PlyCount "81"]

1.e4 e6 2.d4 d5 3.Nc3 Bb4 4.e5 c5 5.a3 Ba5 6.b4 cxd4 7.Qg4 Kf8 8.Nb5 Bb6 
9.Nf3 Nc6 10.Bb2 Nge7 11.Bd3 a6 12.Nbxd4 Nxd4 13.Bxd4 Bxd4 14.Qxd4 Bd7 15.
h4 Bb5 16.Qf4 Bxd3 17.cxd3 Qd7 18.h5 h6 19.O-O Nc6 20.d4 Kg8 21.Rad1 Rf8 
22.Qg3 Kh7 23.Nh4 Rhg8 24.f4 Ne7 25.Qd3+ g6 26.Rf3 Nf5 27.Rh3 Qc7 28.Nf3 
gxh5 29.Nh4 Qd7 30.Nxf5 exf5 31.Rxh5 Rg6 32.Rxf5 Rfg8 33.Rf6 Qg4 34.Rxf7+ 
Kh8 35.Rd2 Qh4 36.Rf2 Qxf2+ 37.Kxf2 Rxg2+ 38.Ke1 Rg1+ 39.Qf1 Rxf1+ 40.Kxf1
h5 41.e6 1-0

[Event "23rd EUR-ch"]
[Site "Vrnjacka Banja SRB"]
[Date "2023.03.05"]
[Round "3.227"]
[White "Simonovic, Miroslav"]
[Black "Popovic, Igor"]
[Result "1-0"]
[WhiteElo "2115"]
[BlackElo "1831"]
[EventDate "2023.03.03"]
[PlyCount "77"]

1.d4 Nf6 2.Bg5 g6 3.Bxf6 exf6 4.c4 d6 5.g3 Bg7 6.Bg2 O-O 7.e3 f5 8.Nc3 a5 
9.Nge2 c6 10.O-O Na6 11.a3 Nc7 12.Qd3 Qe7 13.b4 axb4 14.axb4 Be6 15.b5 d5 
16.cxd5 Nxd5 17.bxc6 bxc6 18.Nxd5 Bxd5 19.Bxd5 cxd5 20.Qb5 Rxa1 21.Rxa1 
Rd8 22.Nf4 Qe4 23.Qb6 Re8 24.Qb7 g5 25.Ra7 Rf8 26.Nxd5 Kh8 27.Ra8 Qe6 28.
Nb6 Qb3 29.Qc6 h6 30.Nd7 Rxa8 31.Qxa8+ Kh7 32.Kg2 g4 33.Nc5 Qc4 34.Qb7 Qe2
35.Qd5 Kg6 36.Nb7 Qc2 37.Nd6 f6 38.e4 Qe2 39.Qxf5# 1-0

[Event "23rd EUR-ch"]
[Site "Vrnjacka Banja SRB"]
[Date "2023.03.05"]
[Round "3.228"]
[White "Roebers, Jan"]
[Black "Arandjelovic, Aleksandar Z."]
[Result "1-0"]
[WhiteElo "2113"]
[BlackElo "1828"]
[EventDate "2023.03.03"]
[PlyCount "109"]

1.e4 c5 2.Nc3 Nc6 3.Bb5 Nd4 4.Bc4 g6 5.Nf3 Bg7 6.Nxd4 cxd4 7.Qf3 Nh6 8.d3 
O-O 9.Ne2 Ng4 10.Bb3 d6 11.h3 Ne5 12.Qg3 Nd7 13.h4 Nc5 14.h5 Nxb3 15.axb3 
e5 16.f4 exf4 17.Bxf4 d5 18.e5 a5 19.Nxd4 Ra6 20.c3 Qe7 21.hxg6 fxg6 22.
Kd2 Bf5 23.Nxf5 Rxf5 24.d4 h5 25.Be3 b5 26.Rhf1 Rxf1 27.Rxf1 b4 28.c4 dxc4
29.bxc4 b3 30.Kd3 a4 31.Bg5 Qe8 32.Ra1 a3 33.Rxa3 Rxa3 34.bxa3 Qa4 35.Bc1 
b2 36.Bxb2 Qb3+ 37.Bc3 Qd1+ 38.Ke4 h4 39.Qf3 Qb1+ 40.Qd3 Qb7+ 41.d5 Qc8 
42.e6 Bxc3 43.Qxc3 Qf8 44.Qf3 Qc5 45.Qf7+ Kh8 46.Qf6+ Kh7 47.Qd4 Qxa3 48.
d6 Qg3 49.d7 Qxg2+ 50.Ke5 Qg3+ 51.Kf6 Qf3+ 52.Ke7 Qb7 53.Qxh4+ Kg8 54.Qd4 
Kh7 55.Kf7 1-0

[Event "23rd EUR-ch"]
[Site "Vrnjacka Banja SRB"]
[Date "2023.03.05"]
[Round "3.231"]
[White "Leskovac, Nikola"]
[Black "Kovac, Mihael"]
[Result "1-0"]
[WhiteElo "2103"]
[BlackElo "1784"]
[EventDate "2023.03.03"]
[PlyCount "73"]

1.e4 c5 2.Nf3 e6 3.b3 d6 4.c4 e5 5.g3 g6 6.Bg2 Bg7 7.O-O Ne7 8.Nc3 Nbc6 9.
Nd5 h6 10.Bb2 O-O 11.d3 Bg4 12.h3 Bxf3 13.Bxf3 Nxd5 14.cxd5 Nd4 15.Bxd4 
cxd4 16.b4 h5 17.Bg2 Bh6 18.f4 Rc8 19.Rf3 Rc3 20.Qa4 a6 21.Raf1 exf4 22.
gxf4 Qc7 23.b5 Qc5 24.bxa6 b5 25.Qd1 Ra8 26.Rg3 Kf8 27.e5 Rxa6 28.f5 Rc1 
29.Qf3 Be3+ 30.Kh1 g5 31.e6 Rxa2 32.Qxh5 Rxf1+ 33.Bxf1 Qxd5+ 34.Rf3 Qb7 
35.Qh8+ Ke7 36.f6+ Kxe6 37.Qe8+ 1-0

[Event "23rd EUR-ch"]
[Site "Vrnjacka Banja SRB"]
[Date "2023.03.05"]
[Round "3.232"]
[White "Kosovic, Miroslav"]
[Black "Gogic, Anastasija"]
[Result "1-0"]
[WhiteElo "2100"]
[BlackElo "1772"]
[EventDate "2023.03.03"]
[PlyCount "71"]

1.e4 c5 2.Nf3 e6 3.d4 cxd4 4.Nxd4 a6 5.Nc3 Qc7 6.Be2 Nf6 7.a3 b5 8.O-O Bb7
9.Re1 Nxe4 10.Nxe4 Bxe4 11.Bf3 Bxf3 12.Qxf3 Nc6 13.Nf5 O-O-O 14.Bf4 d6 15.
Ne3 Qb7 16.c4 Nd4 17.Qd1 e5 18.cxb5 axb5 19.Nf1 Kb8 20.a4 Rc8 21.Rxe5 f6 
22.Re3 Nc2 23.Rb3 Nxa1 24.Rxb5 Nc2 25.Rxb7+ Kxb7 26.Qd5+ Rc6 27.Qf7+ Rc7 
28.Qb3+ Kc8 29.Qe6+ Kb7 30.h4 Be7 31.Nd2 Ra8 32.b3 Nd4 33.Qd5+ Nc6 34.Nc4 
Kb8 35.Qb5+ Kc8 36.Nb6+ 1-0

[Event "23rd EUR-ch"]
[Site "Vrnjacka Banja SRB"]
[Date "2023.03.05"]
[Round "3.233"]
[White "Horvat, Damjan"]
[Black "Pirvulescu, Adrian"]
[Result "1-0"]
[WhiteElo "2095"]
[BlackElo "1738"]
[EventDate "2023.03.03"]
[PlyCount "61"]

1.Nf3 c5 2.e3 g6 3.d4 cxd4 4.exd4 d5 5.h3 Nf6 6.Bd3 Bg7 7.c3 O-O 8.Bf4 Nc6
9.Nbd2 Nd7 10.O-O e5 11.dxe5 Ndxe5 12.Nxe5 Nxe5 13.Nb3 Nc6 14.Bb5 a6 15.
Bxc6 bxc6 16.Re1 Re8 17.Qd2 Be6 18.Be5 f6 19.Bd4 Bf7 20.Nc5 a5 21.a4 Qd6 
22.b4 axb4 23.cxb4 Rxe1+ 24.Rxe1 Re8 25.Rxe8+ Bxe8 26.a5 Bf8 27.Qc3 Be7 
28.a6 Kf7 29.Qg3 Qd8 30.a7 Bxc5 31.Bxc5 1-0

[Event "23rd EUR-ch"]
[Site "Vrnjacka Banja SRB"]
[Date "2023.03.05"]
[Round "3.234"]
[White "Orlovic, Isa"]
[Black "Pantic, Ivica"]
[Result "0-1"]
[WhiteElo "1752"]
[BlackElo "2091"]
[EventDate "2023.03.03"]
[PlyCount "54"]

1.d4 d5 2.Nf3 e6 3.Bf4 Nf6 4.e3 Be7 5.c4 c5 6.dxc5 Qa5+ 7.Nbd2 Bxc5 8.a3 
Be7 9.b4 Qd8 10.Bxb8 Rxb8 11.c5 O-O 12.Bd3 Qc7 13.Rc1 h6 14.h3 e5 15.Bb1 
Bd7 16.Qc2 a5 17.Qb2 e4 18.Qe5 Qxe5 19.Nxe5 Bb5 20.Nb3 axb4 21.axb4 b6 22.
Nd4 bxc5 23.Nf5 Rfe8 24.bxc5 Bf8 25.Ng4 Nd7 26.Ba2 Nxc5 27.Kd1 Ba4+ 0-1

[Event "23rd EUR-ch"]
[Site "Vrnjacka Banja SRB"]
[Date "2023.03.05"]
[Round "3.235"]
[White "Sekelja, Marko"]
[Black "Kamenov, Valentin"]
[Result "1-0"]
[WhiteElo "2089"]
[BlackElo "1704"]
[EventDate "2023.03.03"]
[PlyCount "105"]

1.e4 d6 2.d4 Nf6 3.Bd3 g6 4.h3 Bg7 5.Nf3 O-O 6.O-O Nc6 7.a3 e5 8.c3 Nh5 9.
Bg5 f6 10.Be3 Nf4 11.Bxf4 exf4 12.Nbd2 Kh8 13.Re1 Bd7 14.b4 g5 15.Nh2 Ne7 
16.Ndf3 Ng6 17.Qc2 Be8 18.Rac1 Bf7 19.c4 c5 20.bxc5 dxc5 21.d5 Ne5 22.Nxe5
fxe5 23.Rb1 Qd7 24.Rb5 Rfc8 25.Reb1 Rc7 26.Qb3 Rb8 27.Qc3 h5 28.Be2 Qd6 
29.Qc2 Bh6 30.Qd1 Be8 31.R5b2 Qg6 32.Bf3 Bf8 33.a4 Rh7 34.Qd2 Bd6 35.a5 
Qh6 36.Kf1 Bg6 37.Ke2 g4 38.hxg4 hxg4 39.Nxg4 Qg5 40.Kd3 Bh5 41.Qe2 Rg8 
42.Nh2 Rgg7 43.Bxh5 Qxg2 44.Nf3 Qh3 45.Be8 Bf8 46.Kd2 Re7 47.Bg6 Rhg7 48.
Bf5 Qh6 49.Qf1 Qa6 50.Qh3+ Rh7 51.Bxh7 Rxh7 52.Qf5 Qxc4 53.Qxf8# 1-0

[Event "23rd EUR-ch"]
[Site "Vrnjacka Banja SRB"]
[Date "2023.03.05"]
[Round "3.236"]
[White "Tabakovski, Dino"]
[Black "Vujcic, Milena"]
[Result "0-1"]
[WhiteElo "1692"]
[BlackElo "2072"]
[EventDate "2023.03.03"]
[PlyCount "64"]

1.d4 Nf6 2.c4 g6 3.Nc3 Bg7 4.e4 d6 5.h3 O-O 6.Nf3 e5 7.d5 a5 8.Bg5 Na6 9.
Be2 Qe8 10.g4 Nd7 11.Rg1 Ndc5 12.h4 Kh8 13.Qd2 f6 14.Be3 Qf7 15.h5 gxh5 
16.gxh5 f5 17.Rxg7 Qxg7 18.Bh6 Qf7 19.Ng5 Qe7 20.Bxf8 Qxf8 21.h6 Bd7 22.
O-O-O Be8 23.f4 Nb4 24.Kb1 fxe4 25.fxe5 e3 26.Qxe3 Qf5+ 27.Nge4 Qxe5 28.a3
Bg6 29.Bf3 Re8 30.axb4 axb4 31.Ne2 Nxe4 32.Bxe4 Qxe4+ 0-1

[Event "23rd EUR-ch"]
[Site "Vrnjacka Banja SRB"]
[Date "2023.03.05"]
[Round "3.237"]
[White "Kienboeck, Benjamin"]
[Black "Lakusic, Zoran"]
[Result "1-0"]
[WhiteElo "2066"]
[BlackElo "1641"]
[EventDate "2023.03.03"]
[PlyCount "67"]

1.e4 c5 2.Nf3 g6 3.d4 Bg7 4.d5 d6 5.c4 Nf6 6.Nc3 O-O 7.Be2 a6 8.O-O Nbd7 
9.h3 h6 10.Be3 Nh7 11.Qd2 h5 12.Rae1 Nhf6 13.Nh2 b5 14.cxb5 axb5 15.Bxb5 
Qa5 16.Bh6 Ba6 17.Bxa6 Rxa6 18.Bxg7 Kxg7 19.f4 Nb6 20.Nf3 Nc4 21.Qe2 Nb6 
22.f5 Na4 23.Nxa4 Qxa4 24.fxg6 fxg6 25.Ng5 Rb8 26.Ne6+ Kh7 27.e5 dxe5 28.
Qxe5 Rxe6 29.Qxe6 Qd4+ 30.Kh1 Rb7 31.Qf7+ Kh6 32.Qf8+ Kg5 33.Rxe7 Rxb2 34.
Re4 1-0

[Event "23rd EUR-ch"]
[Site "Vrnjacka Banja SRB"]
[Date "2023.03.05"]
[Round "3.238"]
[White "Jeremic, Milan"]
[Black "Alexandri, Dimitra"]
[Result "1/2-1/2"]
[WhiteElo "2052"]
[BlackElo "1586"]
[EventDate "2023.03.03"]
[PlyCount "111"]

1.d4 Nf6 2.Nf3 g6 3.c4 Bg7 4.Nc3 O-O 5.e4 d6 6.Be2 e5 7.Be3 Ng4 8.Bg5 f6 
9.Bh4 g5 10.Bg3 Nh6 11.dxe5 dxe5 12.O-O Be6 13.Qxd8 Rxd8 14.Nd5 Na6 15.
Rfd1 c6 16.Nc3 Nf7 17.Nd2 Nc5 18.Nb3 Bf8 19.f3 Nxb3 20.axb3 Bc5+ 21.Bf2 
Bd4 22.Kf1 Kf8 23.Na4 b6 24.Nc3 Ke7 25.Ra6 Bxf2 26.Rxd8 Kxd8 27.Kxf2 Kc7 
28.g3 Kb7 29.Ra1 Rd8 30.Ke3 Bc8 31.Rf1 Nh6 32.Bd3 Kb8 33.b4 f5 34.b5 f4+ 
35.Ke2 cxb5 36.gxf4 gxf4 37.cxb5 Be6 38.Rc1 Nf7 39.Rg1 Nd6 40.Rg7 Rd7 41.
Rg5 Nf7 42.Rg8+ Nd8 43.Re8 Kc7 44.h4 Kd6 45.Rh8 Nb7 46.h5 Nc5 47.h6 Nxd3 
48.Kxd3 Kc5+ 49.Kc2 Kd6 50.b3 Kc5 51.Re8 Kd6 52.Na2 Rc7+ 53.Kb2 Bd7 54.Rg8
Bxb5 55.Nb4 Rf7 56.Nd5 1/2-1/2

[Event "23rd EUR-ch"]
[Site "Vrnjacka Banja SRB"]
[Date "2023.03.05"]
[Round "3.239"]
[White "Lazovic, Emilija"]
[Black "Grozdanovic, Anastasia"]
[Result "0-1"]
[WhiteElo "1594"]
[BlackElo "2050"]
[EventDate "2023.03.03"]
[PlyCount "70"]

1.e4 c6 2.d4 d5 3.e5 Bf5 4.Nf3 e6 5.Be2 Nd7 6.O-O Ne7 7.Nbd2 h6 8.Nb3 g5 
9.Be3 Bg6 10.Nfd2 a5 11.a4 Nf5 12.Bh5 Bxh5 13.Qxh5 Be7 14.Rae1 Nb6 15.f4 
Nxa4 16.fxg5 Bxg5 17.g4 Bxe3+ 18.Rxe3 Rg8 19.Rg3 Rg5 20.Qh3 Nxg3 21.Qxg3 
Nxb2 22.Qf4 Qe7 23.Nf3 Rg8 24.Kh1 a4 25.Na1 Rg6 26.Nh4 Rg8 27.Nf3 Kd7 28.
h3 Nc4 29.Kh2 Rh8 30.g5 hxg5 31.Nxg5 Rag8 32.Nf3 Rh5 33.Ng1 Rf5 34.Qc1 Qh4
35.Ne2 Rf2+ 0-1

[Event "23rd EUR-ch"]
[Site "Vrnjacka Banja SRB"]
[Date "2023.03.06"]
[Round "4.1"]
[White "Sanal, Vahap"]
[Black "Korobov, Anton"]
[Result "0-1"]
[WhiteElo "2590"]
[BlackElo "2658"]
[EventDate "2023.03.03"]
[PlyCount "100"]

1.e4 c5 2.Nc3 e6 3.Nf3 Nc6 4.d4 cxd4 5.Nxd4 Qc7 6.f4 a6 7.Nxc6 Qxc6 8.Bd3 
b5 9.Qe2 Bb7 10.Bd2 Bc5 11.Nd5 Kf8 12.Nb4 Qc7 13.c3 f5 14.Be3 Bxb4 15.cxb4
fxe4 16.Bxe4 Bxe4 17.Bc5+ d6 18.Qxe4 Rc8 19.Be3 Nf6 20.Qd4 Qc4 21.Qxd6+ 
Kf7 22.Qd4 Nd5 23.Qxc4 Rxc4 24.Bd2 Rd8 25.O-O Rc2 26.Rad1 Rxb2 27.f5 Nf6 
28.fxe6+ Kxe6 29.Rde1+ Kf7 30.Bc3 Rxa2 31.Bxf6 gxf6 32.Re4 Rdd2 33.Rg4 
Rab2 34.h3 h5 35.Rg5 Rxb4 36.Rgf5 Rd6 37.Rxh5 a5 38.Rff5 Rb6 39.Rh7+ Kg6 
40.Rfh5 a4 41.g4 Rc6 42.Kg2 Rb3 43.R5h6+ Kg5 44.Rh5+ Kf4 45.Rf5+ Ke4 46.
Re7+ Kd4 47.Rf4+ Kc5 48.Re2 a3 49.Rff2 Kb4 50.h4 Rc4 0-1

[Event "23rd EUR-ch"]
[Site "Vrnjacka Banja SRB"]
[Date "2023.03.06"]
[Round "4.2"]
[White "Ponomariov, Ruslan"]
[Black "Kadric, Denis"]
[Result "1-0"]
[WhiteElo "2655"]
[BlackElo "2583"]
[EventDate "2023.03.03"]
[PlyCount "137"]

1.e4 e5 2.Nf3 Nf6 3.Nxe5 d6 4.Nf3 Nxe4 5.Nc3 Nf6 6.d4 Be7 7.Bd3 O-O 8.h3 
Re8 9.O-O Nbd7 10.Ne2 b6 11.c4 Bb7 12.Nc3 h6 13.Re1 Bf8 14.Rxe8 Qxe8 15.
Bf4 Qd8 16.d5 c6 17.dxc6 Bxc6 18.Nd4 Bb7 19.Nf5 Ne5 20.Bf1 Qd7 21.Ne3 Re8 
22.Ncd5 Nxd5 23.Nxd5 Ng6 24.Bh2 Ne7 25.Nc3 Rd8 26.Qg4 Qxg4 27.hxg4 d5 28.
Rd1 d4 29.Nb5 Nc6 30.Be2 Rd7 31.Bf3 Bc5 32.Kf1 a5 33.Be4 Ne7 34.Bxb7 Rxb7 
35.Nc7 Nc6 36.Ke2 Kf8 37.a3 Ke7 38.Kd3 Bd6 39.Re1+ Kd7 40.Bxd6 Kxd6 41.
Nb5+ Kc5 42.Re8 a4 43.Rc8 Rd7 44.f3 g6 45.f4 f6 46.g3 g5 47.Nc7 Ne7 48.
Na6+ Kd6 49.Rb8 Kc6 50.Nb4+ Kc5 51.Rf8 Rd6 52.f5 b5 53.cxb5 Kxb5 54.Rf7 
Nc6 55.Rb7+ Ka5 56.Nxc6+ Rxc6 57.Kxd4 Rc2 58.Kd5 Re2 59.Rb4 Re5+ 60.Kc6 
Re2 61.Rb5+ Ka6 62.Rb6+ Ka5 63.Rb8 Rc2+ 64.Kd5 Re2 65.b4+ axb3 66.Rxb3 
Re5+ 67.Kd4 h5 68.gxh5 Rxf5 69.Rb2 1-0

[Event "23rd EUR-ch"]
[Site "Vrnjacka Banja SRB"]
[Date "2023.03.06"]
[Round "4.3"]
[White "Nguyen Thai Dai Van"]
[Black "Nasuta, Grzegorz"]
[Result "1/2-1/2"]
[WhiteElo "2651"]
[BlackElo "2535"]
[EventDate "2023.03.03"]
[PlyCount "41"]

1.Nf3 d5 2.d4 Nf6 3.c4 c6 4.Nc3 e6 5.Bg5 dxc4 6.e4 b5 7.e5 h6 8.Bh4 g5 9.
Nxg5 hxg5 10.Bxg5 Nbd7 11.g3 Bb7 12.Bg2 Qb6 13.exf6 O-O-O 14.O-O c5 15.d5 
b4 16.Re1 bxc3 17.bxc3 exd5 18.Rb1 Qc6 19.Rxb7 Qxb7 20.Bxd5 Qa6 21.Qf3 
1/2-1/2

[Event "23rd EUR-ch"]
[Site "Vrnjacka Banja SRB"]
[Date "2023.03.06"]
[Round "4.4"]
[White "Kacharava, Nikolozi"]
[Black "Safarli, Eltaj"]
[Result "0-1"]
[WhiteElo "2531"]
[BlackElo "2608"]
[EventDate "2023.03.03"]
[PlyCount "82"]

1.e4 e5 2.Nf3 Nc6 3.d4 exd4 4.Nxd4 Bc5 5.Nb3 Bb4+ 6.c3 Be7 7.f4 d6 8.Bd3 
Bh4+ 9.g3 Be7 10.Be3 Nf6 11.Qe2 a5 12.a4 Bg4 13.Qg2 d5 14.e5 Ne4 15.N1d2 
Nxd2 16.Bxd2 Qd7 17.Bb5 O-O 18.Nd4 Bh3 19.Qf2 f6 20.exf6 Bxf6 21.O-O-O 
Bxd4 22.cxd4 Bf5 23.Bc3 Qd6 24.Bd3 Bxd3 25.Rxd3 Nb4 26.Bxb4 axb4 27.Qc2 
Ra6 28.Kd2 Rc6 29.Qd1 Rxf4 30.gxf4 Qxf4+ 31.Re3 Qxd4+ 32.Ke2 Qxb2+ 33.Kd3 
Rc3+ 34.Kd4 c5+ 35.Kxd5 Rxe3 36.Kc4 Re8 37.Rf1 Qa2+ 38.Kxc5 b6+ 39.Kb5 
Re5+ 40.Kxb6 Qe6+ 41.Kb7 Rd5 0-1

[Event "23rd EUR-ch"]
[Site "Vrnjacka Banja SRB"]
[Date "2023.03.06"]
[Round "4.5"]
[White "Kourkoulos-Arditis, Stamatis"]
[Black "Mastrovasilis, Dimitrios"]
[Result "1/2-1/2"]
[WhiteElo "2520"]
[BlackElo "2599"]
[EventDate "2023.03.03"]
[PlyCount "65"]

1.e4 e5 2.Nf3 Nc6 3.Bb5 Nf6 4.d3 Bc5 5.Bxc6 dxc6 6.Nbd2 Bg4 7.h3 Bh5 8.g4 
Bg6 9.Nb3 Bd6 10.Na5 Bb4+ 11.Bd2 Bxa5 12.Bxa5 Qe7 13.Qe2 O-O-O 14.O-O-O 
Nd7 15.Qe3 c5 16.Bc3 f6 17.Nh4 Nf8 18.f4 exf4 19.Qxf4 Ne6 20.Qf2 b6 21.
Rde1 Rhf8 22.b3 Kb8 23.Kb1 a5 24.Rhg1 a4 25.Bb2 Qd7 26.Nf5 Bf7 27.Qg3 Bg8 
28.e5 fxe5 29.Rxe5 g6 30.Nh6 Nd4 31.Nxg8 Rxg8 32.Rge1 Rge8 33.Rxe8 1/2-1/2

[Event "23rd EUR-ch"]
[Site "Vrnjacka Banja SRB"]
[Date "2023.03.06"]
[Round "4.6"]
[White "Sargissian, Gabriel"]
[Black "Gorshtein, Ido"]
[Result "1-0"]
[WhiteElo "2699"]
[BlackElo "2498"]
[EventDate "2023.03.03"]
[PlyCount "71"]

1.d4 Nf6 2.c4 e6 3.Nf3 d5 4.Nc3 Be7 5.Bf4 O-O 6.e3 Nbd7 7.c5 Nh5 8.Bd3 
Nxf4 9.exf4 b6 10.b4 a5 11.a3 c6 12.O-O Qc7 13.g3 Ba6 14.Qe2 Bxd3 15.Qxd3 
Bf6 16.Kg2 Ra7 17.Rfc1 axb4 18.axb4 Rfa8 19.Qd1 bxc5 20.bxc5 Ra3 21.Ne2 
Qb7 22.Rxa3 Rxa3 23.Rb1 Qa6 24.Ne5 Bxe5 25.fxe5 h6 26.Nf4 Ra2 27.Qd3 Qa8 
28.h4 Ra3 29.Qd1 Ra2 30.Qb3 Rd2 31.Qb7 Qa2 32.Qc8+ Nf8 33.Rb8 Rxf2+ 34.Kh3
Rxf4 35.Qxf8+ Kh7 36.h5 1-0

[Event "23rd EUR-ch"]
[Site "Vrnjacka Banja SRB"]
[Date "2023.03.06"]
[Round "4.7"]
[White "Murzin, Volodar"]
[Black "Martirosian, Haik M."]
[Result "1-0"]
[WhiteElo "2554"]
[BlackElo "2686"]
[EventDate "2023.03.03"]
[PlyCount "90"]

1.e4 e5 2.Nf3 Nc6 3.Bb5 Nf6 4.O-O Nxe4 5.Re1 Nd6 6.Nxe5 Be7 7.Bf1 Nxe5 8.
Rxe5 O-O 9.d4 Bf6 10.Re1 Nf5 11.c3 d5 12.Nd2 Nh4 13.g3 Ng6 14.Bg2 c6 15.h4
h6 16.h5 Ne7 17.Nb3 b6 18.Bf4 Be6 19.Nc1 Qd7 20.Nd3 Rfe8 21.Be5 Bxe5 22.
Nxe5 Qd6 23.Qf3 Bf5 24.Re3 f6 25.Nxc6 Qxc6 26.Rxe7 Be4 27.Rxe8+ Rxe8 28.
Qd1 Bxg2 29.Kxg2 Re4 30.Qf3 Qe6 31.Rd1 Re2 32.c4 dxc4 33.d5 Qe4 34.d6 
Qxf3+ 35.Kxf3 Re8 36.Rd4 Rc8 37.Ke3 Kf7 38.Re4 Rd8 39.Rxc4 Rxd6 40.Rc7+ 
Kg8 41.Rxa7 Rd5 42.a4 Rxh5 43.Rb7 Re5+ 44.Kd4 Re6 45.Kd5 Re5+ 1-0

[Event "23rd EUR-ch"]
[Site "Vrnjacka Banja SRB"]
[Date "2023.03.06"]
[Round "4.8"]
[White "Anton Guijarro, David"]
[Black "Parligras, Mircea-Emilian"]
[Result "1/2-1/2"]
[WhiteElo "2685"]
[BlackElo "2554"]
[EventDate "2023.03.03"]
[PlyCount "88"]

1.e4 e5 2.Nf3 Nc6 3.Bb5 Nf6 4.O-O Nxe4 5.d4 Nd6 6.Bxc6 dxc6 7.dxe5 Nf5 8.
Qxd8+ Kxd8 9.h3 h5 10.Nc3 Ke8 11.Bf4 Be7 12.Rad1 Nh4 13.Nxh4 Bxh4 14.Ne2 
a6 15.Rfe1 Be7 16.e6 Bxe6 17.Bxc7 Rh6 18.Nf4 b5 19.Be5 g5 20.Bg7 Rh7 21.
Nxe6 fxe6 22.Bc3 Rh6 23.g4 hxg4 24.hxg4 Rd8 25.Kg2 Rd5 26.Bd4 Kf7 27.c3 
Bf6 28.Be3 Rh4 29.Kf3 Rh3+ 30.Kg2 Rh4 31.Kf3 Rh3+ 32.Ke2 Rh4 33.Rg1 Rxd1 
34.Kxd1 e5 35.b3 e4 36.c4 Ke6 37.cxb5 cxb5 38.Ke2 Be7 39.a4 Kd7 40.a5 Ke6 
41.Rc1 Kd7 42.Rd1+ Ke6 43.Rc1 Kd7 44.Rd1+ Ke6 1/2-1/2

[Event "23rd EUR-ch"]
[Site "Vrnjacka Banja SRB"]
[Date "2023.03.06"]
[Round "4.9"]
[White "Kozak, Adam"]
[Black "Navara, David"]
[Result "1/2-1/2"]
[WhiteElo "2552"]
[BlackElo "2685"]
[EventDate "2023.03.03"]
[PlyCount "47"]

1.d4 Nf6 2.c4 e6 3.Nc3 Bb4 4.e3 O-O 5.Bd3 d5 6.a3 Bxc3+ 7.bxc3 dxc4 8.Bxc4
c5 9.Nf3 Qc7 10.Be2 Rd8 11.Bb2 Nc6 12.Qc2 e5 13.dxe5 Nxe5 14.c4 Nxf3+ 15.
Bxf3 Qa5+ 16.Bc3 Qa6 17.O-O Qxc4 18.Rfc1 h6 19.Ba5 Qxc2 20.Rxc2 Re8 21.
Rxc5 Ne4 22.Rc7 Rb8 23.Rb1 Ng5 24.h4 1/2-1/2

[Event "23rd EUR-ch"]
[Site "Vrnjacka Banja SRB"]
[Date "2023.03.06"]
[Round "4.10"]
[White "Suleymanli, Aydin"]
[Black "Predke, Alexander"]
[Result "1/2-1/2"]
[WhiteElo "2552"]
[BlackElo "2684"]
[EventDate "2023.03.03"]
[PlyCount "88"]

1.d4 Nf6 2.c4 e6 3.Nf3 Bb4+ 4.Nbd2 O-O 5.a3 Be7 6.e4 d6 7.Bd3 e5 8.d5 a5 
9.Bc2 Bd7 10.b3 Na6 11.O-O b5 12.cxb5 Bxb5 13.Re1 Nc5 14.a4 Ba6 15.Ba3 
Nfd7 16.Nf1 Rc8 17.Ne3 c6 18.Qd2 Re8 19.Rad1 Bf8 20.Bb2 Nf6 21.dxc6 Nfxe4 
22.Bxe4 Nxe4 23.Qc2 Nc5 24.Nxe5 Qg5 25.Nd7 Qg6 26.Qxg6 hxg6 27.Nxf8 Nd3 
28.Rxd3 Bxd3 29.Rd1 Bf5 30.Nxf5 gxf5 31.Nd7 Rxc6 32.Bd4 Rd8 33.Nb6 Rb8 34.
Nd5 Kf8 35.g4 Rxb3 36.gxf5 Rc4 37.Be3 Rxa4 38.Bf4 Kg8 39.Bxd6 Rg4+ 40.Kf1 
a4 41.Ne3 Re4 42.Rd5 Rb6 43.Ba3 Rb3 44.Bd6 Rb6 1/2-1/2

[Event "23rd EUR-ch"]
[Site "Vrnjacka Banja SRB"]
[Date "2023.03.06"]
[Round "4.11"]
[White "Gelfand, Boris"]
[Black "Kobo, Ori"]
[Result "1-0"]
[WhiteElo "2674"]
[BlackElo "2548"]
[EventDate "2023.03.03"]
[PlyCount "131"]

1.Nf3 Nf6 2.c4 e6 3.g3 d5 4.d4 Bb4+ 5.Bd2 a5 6.Qa4+ Bd7 7.Qc2 Bc6 8.Bg2 
dxc4 9.Bxb4 axb4 10.Qxc4 Qd6 11.Nbd2 O-O 12.O-O Bd5 13.Qc2 Qc6 14.Qb1 Ne4 
15.Rc1 Nxd2 16.Nxd2 Qd7 17.e4 Bc6 18.Qd3 Rd8 19.Nf3 Qd6 20.Qe3 Nd7 21.Bf1 
Ra5 22.Bc4 Qe7 23.Re1 Bb5 24.Bb3 Ba4 25.Rad1 h6 26.Qc1 Nf6 27.Qc4 Bxb3 28.
axb3 c6 29.Kg2 Qf8 30.Qc2 Rda8 31.Ne5 Qd8 32.Qc4 Rb5 33.f3 Ra2 34.Nd3 Nd7 
35.Qc2 Qf6 36.Re2 h5 37.h4 g6 38.Qc1 Kg7 39.Nf2 Rba5 40.Qd2 Rb5 41.e5 Qd8 
42.g4 Nb6 43.gxh5 gxh5 44.Kh3 Nd5 45.Ne4 Kf8 46.Nd6 Ke7 47.Rg2 Kd7 48.Rg7 
Kc7 49.Nxb5+ cxb5 50.Rxf7+ Kb6 51.Rg1 Qc8 52.Rgg7 Ra1 53.Rxb7+ Qxb7 54.
Rxb7+ Kxb7 55.Qh6 Kc7 56.Kg3 Kd7 57.Qxh5 Rg1+ 58.Kh2 Rg2+ 59.Kh1 Rxb2 60.
Qf7+ Ne7 61.d5 exd5 62.Qf6 Rb1+ 63.Kg2 Rb2+ 64.Kh3 Rxb3 65.Qd6+ Ke8 66.e6 
1-0

[Event "23rd EUR-ch"]
[Site "Vrnjacka Banja SRB"]
[Date "2023.03.06"]
[Round "4.12"]
[White "Sychev, Klementy"]
[Black "Saric, Ivan"]
[Result "1/2-1/2"]
[WhiteElo "2549"]
[BlackElo "2674"]
[EventDate "2023.03.03"]
[PlyCount "91"]

1.d4 d5 2.c4 c6 3.Nf3 Nf6 4.Nc3 e6 5.Bg5 h6 6.Bxf6 Qxf6 7.a3 Nd7 8.e4 dxe4
9.Nxe4 Qf4 10.Bd3 Be7 11.O-O O-O 12.c5 b6 13.b4 a5 14.Qe2 Re8 15.Nd6 Bxd6 
16.g3 Qg4 17.cxd6 e5 18.Qe4 Nf6 19.Qxg4 Bxg4 20.Nxe5 Rad8 21.Rfe1 axb4 22.
axb4 Bh3 23.Nxc6 Rxe1+ 24.Rxe1 Rxd6 25.b5 Bd7 26.Rc1 Kf8 27.f3 Ne8 28.Bf1 
g6 29.Kf2 Ng7 30.Bd3 Ne6 31.Ke3 Be8 32.f4 Nc7 33.Rc2 Nd5+ 34.Kf2 Nc7 35.
Ke3 Nd5+ 36.Kf3 Nc7 37.Ke2 Re6+ 38.Kd2 Rd6 39.Rc1 Rd5 40.Rb1 Rd6 41.Rc1 g5
42.f5 Bxc6 43.Rxc6 Rxc6 44.bxc6 Ke7 45.Bc4 f6 46.d5 1/2-1/2

[Event "23rd EUR-ch"]
[Site "Vrnjacka Banja SRB"]
[Date "2023.03.06"]
[Round "4.13"]
[White "Sarana, Alexei"]
[Black "Muradli, Mahammad"]
[Result "1-0"]
[WhiteElo "2668"]
[BlackElo "2539"]
[EventDate "2023.03.03"]
[PlyCount "77"]

1.d4 Nf6 2.c4 e6 3.Nc3 Bb4 4.e3 c5 5.Bd3 Nc6 6.Nf3 Bxc3+ 7.bxc3 d6 8.e4 e5
9.d5 Ne7 10.h3 h6 11.Be3 b6 12.Nh4 Ng6 13.Nxg6 fxg6 14.f4 Qe7 15.O-O O-O 
16.Qe1 Nh5 17.f5 Nf4 18.Bxf4 exf4 19.Rxf4 Qe5 20.Rg4 Rf6 21.Qd2 Bd7 22.Rf1
Raf8 23.Re1 Re8 24.Re2 Kf7 25.Rf4 Ke7 26.Ref2 Ref8 27.R4f3 Kd8 28.h4 Kc7 
29.Bc2 Re8 30.fxg6 Rxg6 31.Rf7 Kd8 32.Qf4 Rg3 33.Rxd7+ Kxd7 34.Ba4+ Kd8 
35.Qf7 Re7 36.Qf8+ Kc7 37.Qa8 Rxg2+ 38.Rxg2 Qxe4 39.Qxa7+ 1-0